000 00698nam a22002417a 4500
003 CHAP
005 20220329135054.0
008 971013s1976 r 00010 d
010 _a30466
011 _a31438
035 _a35550
040 _cCHAP
082 _a614.845
_bM3
245 _aManual de química general aplicada para el inspector de prevención de incendios
260 _aLa Habana :
_bEd. Orbe,
_c1976
300 _a333 p
590 _aBATCH-UPD
_b10
_c20130110
_lUCH01
_h1821
590 _aCONVERSION
_b10
_c20130109
_lUCH01
_h1317
650 1 4 _aIncendios
_xControl.
_957523
901 _aBK
942 _cLIBRO
949 _a614.845 M3
_bBC
_cLIBRO
_d-82235
_eLIBRO
_h41339
_i35550
_mD
_si
999 _c30466
_d30466